Segundo nivel de coordinación modular para edificios de interés social
Guardado en:
| 主要作者: | |
|---|---|
| 其他作者: | |
| 格式: | 图书 |
| 出版: |
San José, C.R.
1997
|
| 主题: | |
| 标签: |
添加标签
没有标签, 成为第一个标记此记录!
|
MARC
| LEADER | 00000nam a2200000Ia 4500 | ||
|---|---|---|---|
| 003 | 008215 | ||
| 005 | 20221231144232.0 | ||
| 008 | 140114s1997 cr a m 000 ||s d | ||
| 040 | |c cru CEDI | ||
| 090 | |a TFG 3671 | ||
| 100 | |a Hernández Soto, Bernal |9 9518 | ||
| 245 | |a Segundo nivel de coordinación modular para edificios de interés social | ||
| 260 | |c 1997 |a San José, C.R. | ||
| 300 | |a 150 hojas : ilustraciones | ||
| 500 | |a Proyecto de graduación (licenciatura en ingeniería civil)--Universidad de Costa Rica. Facultad de Ingeniería. Escuela de Ingeniería Civil | ||
| 650 | |x COORDINACION MODULAR (ARQUITECTURA) |9 9520 | ||
| 700 | |9 9519 |a Oviedo Zamora, Luis Diego | ||
| 942 | |c TFG | ||
| 999 | |c 18850 |d 18850 | ||
